000 00616nam a2200217 a 4500
999 _c5615
_d5615
001 5615
003 BD-JhCC
005 20171218200046.0
008 171218s1967 u a|||| ||a| 000 0 eng d
035 _a(BD-JhCC) 5615
040 _aBD-JhCC
_dBD-JhCC
041 _aeng
082 _a730.924
_bKUH 1967
100 _aKUNN, FRITZ
245 _aDecorative Work in Wrought Iron and other Metals /
_c FRITZ KUNN
260 _aLondon :
_bGEORGE G. HARRAP & CO. LTD,LONDON ,
_c1967
300 _a152 P .:
_c27 cm .
650 _aArt metal work, Decoration and ornament,Wrought-Iron
942 _2ddc
_cBK